Airlines Serving the Airports of Oman - Statistics

General Stats
  • This quiz has been taken 80 times
  • The average score is 20 of 41
Answer Stats
Airports Airlines % Correct
MCT Emirates
98%
MCT Saudia
94%
MCT | SLL Etihad Airways
92%
MCT Air India
88%
MCT | SLL Air India Express
88%
DQM | KHS | MCT | SLL Oman Air
88%
MCT | OHS | SLL Qatar Airways
86%
MCT | SLL Gulf Air
82%
MCT British Airways
80%
MCT EgyptAir
80%
MCT Ethiopian Airlines
80%
MCT Turkish Airlines
80%
MCT Kuwait Airways
76%
MCT Pakistan International Airlines
74%
MCT | OHS | SLL Air Arabia
72%
MCT | SLL flydubai
66%
MCT IndiGo
66%
MCT KLM
66%
MCT Thai Airways
60%
MCT SriLankan Airlines
56%
MCT Swiss
56%
MCT Biman Bangladesh
50%
SLL flynas
46%
MCT SpiceJet
42%
MCT Pegasus Airlines
36%
MCT | OHS | SLL SalamAir
34%
MCT US-Bangla Airlines
18%
MCT Kish Air
16%
MCT Iran Aseman Airlines
14%
SLL Neos
14%
MCT GoAir
12%
MCT Qeshm Airlines
10%
MCT Taban Air
10%
MCT Cham Wings Airlines
8%
MCT Regent Airways
8%
SLL SmartWings
8%
SLL SmartWings Slovakia
8%
SLL Enter Air
6%
SLL Blue Panorama Airlines
4%
MCT FlyBosnia
4%
SLL Nordwind Airlines
4%
No matching quizzes found
Score Distribution
Percent of People with Each Score
Percentile by Number Answered
Your Score History
You have not taken this quiz